| 000 | 00000nam 2200000za 4500 |
| 001 | 9.639327 |
| 003 | CaOODSP |
| 005 | 20240207110912 |
| 007 | cr ||||||||||| |
| 008 | 150407|2012||||xxc|||||o f|0| 0 fre d |
| 020 | |a978-1-100-98226-7 |
| 040 | |aCaOODSP|bfre |
| 043 | |an-cn--- |
| 086 | 1 |aSE1-5/1-2012F-PDF |
| 245 | 03|aLe système électoral du Canada |h[ressource électronique]. |
| 250 | |a3e édition |
| 260 | |aOttawa : |bÉlections Canada, |cc2012. |
| 300 | |a64 p. : |bgraphique |
| 590 | |a14-17-Supp|b2014-10-09 |
| 691 | 07|aSystème électoral|2gcpds |
| 710 | 2 |aÉlections Canada. |
| 775 | 08|tThe electoral system of Canada |w(CaOODSP)9.695181 |
| 856 | 40|ahttp://publications.gc.ca|qPDF|s1.25 Mo|uhttps://publications.gc.ca/collections/collection_2014/elections/SE1-5-1-2012-fra.pdf |